[Event "CHI-ch Absolute 2018"]
[Site "Santiago"]
[Date "2018.02.26"]
[Round "4"]
[White "Salinas Herrera, Pablo"]
[Black "Diaz Villagran, Robert"]
[Result "1-0"]
[WhiteElo "2453"]
[BlackElo "2317"]
[Annotator "TA"]
[PlyCount "103"]
[EventDate "2018.??.??"]
[EventType "tourn"]
[EventCountry "CHI"]
[SourceTitle "playchess.com"]
[Source "ChessBase"]
[SourceQuality "1"]

{[%evp 20,103,69,70,72,74,83,58,77,65,91,83,94,96,106,84,94,91,106,104,128,107,148,124,170,167,154,133,163,152,158,152,191,0,138,123,153,122,191,192,204,114,123,91,121,95,103,68,128,130,132,126,240,154,264,216,246,217,483,465,502,274,408,401,405,392,403,397,379,329,325,325,545,542,592,592,534,622,592,599,588,538,712,708,596,763]} 1. Nf3 Nf6 2. c4 d6 3. d4 Nbd7 4. Nc3 e5 5. e4 Be7 6. Be2 O-O 7. O-O c6 8. Qc2 Qc7 9. Rd1 Re8 10. h3 Nf8 {[%cal Bd7f8,Bf8e6,Be6f4][%mdl 32] A55: Old Indian Defence with Nf3 and e4} (10... exd4 11. Nxd4 Bf8 12. Bf4 Nc5 13. Bf3 a5 14. b3 g6 15. Rd2 h5 16. Rad1 Re5 17. Nde2 Kh7 18. h4 {0-1 (51) Izsak,G (2437)-Berkes,F (2653) Hungary 2017}) 11. Be3 {LiveBook: 16 Games} Ne6 12. d5 $146 ({Predecessor:} 12. Rac1 Nh5 13. Bf1 exd4 14. Nxd4 Nxd4 15. Rxd4 Bf6 16. Rd2 Bxc3 17. bxc3 Nf6 18. Bd3 {0-1 (59) Tratar,M (2290)-Basagic,Z (2415) Ljubljana 1993}) 12... Nf4 {White is better.} 13. Bf1 Bf8 14. b4 Nd7 15. Qd2 a5 16. a3 (16. Bxf4 axb4 17. Nb5 cxb5 $11) 16... axb4 17. axb4 Rxa1 18. Rxa1 Ng6 19. Ra7 c5 20. Nb5 Qb6 21. Qc2 Nb8 22. bxc5 dxc5 23. Ra3 h6 24. Ne1 Na6 25. Nd3 Nh4 26. Ne1 $2 {[#]} (26. f3 $18) 26... Nb4 (26... Ng6 $1 $11) 27. Qb1 Qf6 28. Bd2 Na6 (28... Bd7 $16) 29. g3 $18 Ng6 30. Qa1 (30. Nc2 $18) 30... Bd7 $16 31. Bg2 Qd8 32. Qb1 Nb4 33. Nc3 f6 (33... Ne7 $14) 34. Na2 Nxa2 35. Rxa2 Bc8 (35... b6 $16 36. Ra6 Qc8 37. Qxb6 (37. Rxb6 Bxh3 38. Qd1 Bg4 $16) 37... Bxh3 38. Bxh3 Qxh3) 36. Nd3 f5 (36... Bd6 $16 {was worth a try.} 37. Rb2 Nf8) 37. Qb5 f4 38. Nxc5 {[#] aiming for Ba5.} (38. gxf4 $6 exf4 39. f3 (39. Nxc5 Nh4 $11) 39... Bd6) 38... f3 $2 (38... b6) 39. Bxf3 $18 Bxh3 40. Ne6 Rxe6 (40... Bxe6 $142 41. dxe6 Rxe6) 41. dxe6 Qd3 42. Be3 ({Not} 42. Bg2 Bxe6 43. Bf1 (43. Qxb7 Bc5 $16) 43... Qxe4 $18) 42... Qf1+ 43. Kh2 Bxe6 44. Bg2 Qxc4 45. Rb2 Qc3 $2 (45... Qxb5 {is a better defense.} 46. Rxb5 Bf7 47. Rxb7 Be7) 46. Qxb7 {White is clearly winning.} Kh7 47. Rb6 Qc8 48. Qxc8 Bxc8 49. Bh3 Bxh3 50. Kxh3 Be7 51. Kg4 Bf6 52. Bc5 {Precision: White = 34%, Black = 28%.} 1-0

[Event "CHI-ch Absolute 2018"]
[Site "Santiago"]
[Date "2018.02.26"]
[Round "4"]
[White "Lopez Silva, Hugo"]
[Black "Perez Gormaz, Matias"]
[Result "1/2-1/2"]
[WhiteElo "2389"]
[BlackElo "2410"]
[Annotator "TA"]
[PlyCount "111"]
[EventDate "2018.??.??"]
[EventType "tourn"]
[EventCountry "CHI"]
[SourceTitle "playchess.com"]
[Source "ChessBase"]
[SourceQuality "1"]

{[%evp 12,111,52,41,42,19,43,31,86,55,73,56,115,103,112,106,114,102,106,94,88,98,98,98,145,161,178,177,177,169,163,155,206,207,232,232,240,233,236,227,250,240,240,242,386,378,362,348,388,368,363,316,368,376,381,353,358,376,343,222,219,227,213,218,216,214,263,256,253,249,204,37,44,37,37,48,37,0,0,0,0,-47,-10,-17,0,0,0,-673,-593,-1157,-989,-784,-708,-2721,-2506,-2219,-2119,-5057,-5057,-29967,-29968,-29964]} 1. e4 g6 2. d4 Bg7 3. Nc3 d6 4. f4 a6 5. Nf3 b5 6. Bd3 Nd7 7. e5 c5 {B06: Modern Defence} 8. Be3 Bb7 9. Be4 Qb8 (9... Bxe4 $14 10. Nxe4 Nh6) (9... Bxe4 10. Nxe4 Nh6 11. dxc5 dxe5 12. c6 Nf6 13. Qxd8+ Rxd8 14. Nxf6+ exf6 15. c7 Rc8 16. Bb6 {0-1 (60) Wei,Y (2696)-Carlsen,M (2855) Bilbao 2016}) 10. Bxb7 Qxb7 11. dxc5 $1 dxc5 (11... dxe5 $14 12. Qd5 Qxd5 13. Nxd5 Rc8) 12. Qd5 Qxd5 13. Nxd5 {Black must now prevent Nc7+.} Rc8 14. O-O-O $146 {[%mdl 2048] Keeping Black busy.} Nh6 15. Rhe1 Nf5 16. Bf2 {g4 is the strong threat.} e6 17. Nc3 h5 18. Ne4 Rc6 19. Re2 Nb6 20. Bxc5 Nd5 21. g3 Kd7 (21... Bf8 $16 {keeps fighting.}) 22. Nfg5 $18 Rhc8 23. b4 ({Less strong is} 23. Nxf7 Rxc5 24. Nxc5+ Rxc5 $14) 23... Ke8 24. Rxd5 exd5 25. Nd6+ Rxd6 26. exd6+ Kd7 27. Nxf7 a5 (27... Re8 $142 28. Rxe8 Kxe8) 28. Ne5+ Bxe5 29. Rxe5 {[%mdl 4096] Endgame KRB-KRN} ({Not} 29. fxe5 Ke6 $18) 29... Kc6 30. Re6 Rg8 31. Rf6 axb4 32. Bxb4 d4 33. a3 h4 34. g4 Ne3 35. h3 Nd5 36. Rf7 Nxb4 37. axb4 {aiming for d7.} Kxd6 {KR-KR} 38. f5 Kd5 39. f6 Ke6 40. Rg7 Rc8 41. g5 $2 (41. Rxg6 $18 {Hoping for g5.} Rc3 42. Rg5 Rxh3 43. Rxb5) 41... Kf5 $14 42. Kd2 Kxg5 43. f7 Rf8 $1 44. Kd3 Kh6 45. Rg8 Rxf7 46. Kxd4 Rf4+ 47. Kc5 Rc4+ 48. Kxb5 Rxc2 49. Rd8 $2 {[%mdl 8192]} (49. Rh8+ $11 Kg5 50. Ka4) 49... Rc3 $19 50. Ka4 Rxh3 51. b5 {[#]} Rh1 $1 52. b6 Rb1 53. Ka5 g5 54. Ka6 {[#]} Kh5 $1 55. Rb8 h3 56. Rh8+ {[%mdl 32768] Precision: White = 49%, Black = 59%. . An unexpected result.} 1/2-1/2

[Event "CHI-ch Absolute 2018"]
[Site "Santiago"]
[Date "2018.02.26"]
[Round "4"]
[White "Aguirre Contreras, Cristian"]
[Black "Abarca Gonzalez, Nicolas"]
[Result "0-1"]
[WhiteElo "2272"]
[BlackElo "2388"]
[Annotator "TA"]
[PlyCount "96"]
[EventDate "2018.??.??"]
[EventType "tourn"]
[EventCountry "CHI"]
[SourceTitle "playchess.com"]
[Source "ChessBase"]
[SourceQuality "1"]

{[%evp 20,96,17,-17,1,-10,5,-27,0,-7,0,-15,-7,-7,0,-15,0,-43,-42,-47,-36,-70,-70,-70,-70,-70,-61,-60,-45,-48,-37,-38,-36,-47,-27,-33,-34,-72,-74,-85,-77,-135,-135,-128,-133,-832,-850,-833,-818,-842,-823,-793,-780,-594,-571,-950,-950,-1162,-1110,-29969,-29969,-29966,-29968,-29967,-29968,-29977,-29978,-29979,-29980,-29980,-29981,-29982,-29983,-29984,-29985,-29985,-29986,-29987,-29987]} 1. e4 c5 2. c3 d5 3. exd5 Qxd5 4. d4 Nf6 5. Nf3 e6 6. Na3 Nc6 7. Be2 Be7 8. O-O O-O 9. Nb5 Qd8 10. dxc5 Bxc5 11. b4 {LiveBook: 7 Games. B22: Sicilian: 2 c3} Bb6 (11... Be7 12. Qb3 a6 13. Rd1 Bd7 14. Nbd4 Qc7 15. Nxc6 Bxc6 16. Nd4 Bd7 17. c4 e5 18. Nc2 a5 19. bxa5 Rxa5 {0-1 (37) Belyakov,B (2487)-Najer,E (2679) Doha 2016}) 12. Qc2 a6 13. Rd1 $146 {The position is equal.} ({Predecessor:} 13. Na3 e5 14. Nc4 Bc7 15. Rd1 Qe7 16. Be3 Nd7 17. Bd3 g6 18. Bh6 Re8 {1-0 (31) Savic,M (2456)-Dujkovic,S (2398) Jahorina 2001}) 13... Qe7 (13... Bxf2+ $5 14. Kxf2 Qb6+ 15. Nbd4 e5 $11) 14. Nbd4 Nxd4 15. Nxd4 e5 16. Nf5 Bxf5 17. Qxf5 Rac8 18. Bg5 Rxc3 19. Bd3 Rd8 20. Bxf6 Qxf6 21. Qxf6 gxf6 22. Be4 Bd4 23. Rac1 Ra3 (23... Rxc1 {looks sharper.} 24. Rxc1 Bb2 25. Rb1 b6 26. Bc2 Ba3) 24. Rd2 b6 $36 {[%mdl 2048] Black has the initiative.} 25. Bc2 a5 26. bxa5 bxa5 27. Bb3 a4 28. Bc4 Kg7 29. Kf1 Rc8 30. Rdc2 {[#]} (30. Re2 $142) 30... Rxc4 $1 $17 31. Rxc4 Rxa2 32. R1c2 $2 {[%mdl 8192]} (32. Ke1 $17) 32... Rxc2 $19 33. Rxc2 {[%mdl 4096] Endgame [#] KR-KB} a3 $1 34. Ra2 Bb2 35. Ke2 f5 36. Ke3 Kf6 37. h3 Ke6 38. g4 Kd5 39. gxf5 Kc4 {Black mates.} 40. Ke4 Kb3 41. Rxa3+ Kxa3 {KB-K3P} 42. f3 f6 43. Kd5 Kb3 44. Ke6 Kc4 45. h4 Kd3 46. h5 e4 47. fxe4 Kxe4 48. h6 Kf4 {Precision: White = 38%, Black = 71%.} 0-1

[Event "CHI-ch Absolute 2018"]
[Site "Santiago"]
[Date "2018.02.26"]
[Round "4"]
[White "Vergara Jofre, Felipe"]
[Black "Garcia Cardenas, Pablo"]
[Result "0-1"]
[WhiteElo "2270"]
[BlackElo "2454"]
[Annotator "TA"]
[PlyCount "70"]
[EventDate "2018.??.??"]
[EventType "tourn"]
[EventCountry "CHI"]
[SourceTitle "playchess.com"]
[Source "ChessBase"]
[SourceQuality "1"]

{[%evp 9,70,0,18,0,0,-9,0,-16,-14,8,87,100,88,-10,-20,-36,-20,-49,0,-69,-6,-67,-50,-143,-143,-143,-136,-133,-136,-131,-125,-159,-124,-193,-160,-194,-182,-194,-181,-183,-185,-200,-206,-207,-196,-241,-245,-253,-252,-248,-241,-330,-332,-332,-327,-432,-432,-437,-431,-463,-455,-422,-422]} 1. d4 Nf6 2. Bf4 d5 3. e3 e6 4. Nf3 c5 5. Nbd2 Qb6 {LiveBook: 7 Games} (5... Bd6 6. Bg3 O-O 7. c3 Qc7 8. Bd3 Nbd7 9. O-O b6 10. e4 Bxg3 11. hxg3 dxe4 12. Nxe4 Bb7 13. Qe2 Rfd8 14. Rad1 cxd4 15. Nxd4 a6 16. Rfe1 h6 {½-½ (37) So,W (2815)-Carlsen,M (2832) chess.com INT 2017}) 6. dxc5 {D02: 1 d4 d5 2 Nf3 sidelines, including 2...Nf6 3 g3 and 2...Nf6 3 Bf4} Qxb2 7. Rb1 $146 ({Find the theoretical novelty and annotate with similar games:} 7. Ne5 Nbd7 8. Nd3 Qc3 9. Rb1 Be7 10. Rb3 Qa5 11. Be2 O-O {0-1 (31) Correas Gonzalez,J (2018)-Elguezabal Selioutin,D (1844) Collado Villalba 2017}) 7... Qc3 8. Bb5+ {The position is equal.} Nbd7 9. O-O Bxc5 (9... a6 $11 10. Bxd7+ Nxd7) 10. Be5 $1 $16 {[%cal Re5c3]} Qa3 11. Bxd7+ (11. Bb2 $16 Qa5 12. Bxf6 gxf6 13. c4) 11... Bxd7 $11 12. Rxb7 {Threatening Bxf6.} Qa6 13. Rb1 O-O 14. c4 (14. Bxf6 $11 gxf6 {[#]} 15. c4 $1 {[%mdl 512]}) 14... Ba4 ({Better is} 14... Be7 $1 $15) 15. Qe2 ({White should try} 15. Nb3 $1 $11 Qxc4 16. Bxf6 gxf6 17. Nfd4 Bxb3 18. Qg4+ Kh8 19. Rfc1) 15... Nd7 $36 {[%mdl 2048] White is under pressure.} 16. e4 (16. Rfe1 $15) 16... dxc4 $17 17. Qxc4 Qxc4 18. Nxc4 Bc2 {[%cal Ba4c2,Bc2e4,Be4d5][%mdl 32]} 19. Rbc1 Bxe4 20. Rfd1 Bd5 21. a4 (21. Bd4 $17 {is a better defense.}) 21... Nb6 22. Nxb6 axb6 23. Bd4 Rfc8 24. Bxc5 bxc5 25. Ra1 Bb3 26. Rdc1 Bxa4 27. Kf1 Bb5+ 28. Ke1 {If White can now play Rxa8 this consolidates a bit.} Rxa1 29. Rxa1 $19 {[%mdl 4096] Endgame KRB-KRN} Bc6 30. Kd2 Bxf3 31. gxf3 g6 32. Kc3 Rd8 {Black is clearly winning.} 33. Ra5 Rd5 34. f4 Rd4 35. Rxc5 Rxf4 {Precision: White = 14%, Black = 78%.} 0-1

[Event "CHI-ch Absolute 2018"]
[Site "Santiago"]
[Date "2018.02.27"]
[Round "4"]
[White "Llorens Sepulveda, Marcelo"]
[Black "Fuentes Parra, Victor Ignacio"]
[Result "1/2-1/2"]
[WhiteElo "2266"]
[BlackElo "2148"]
[Annotator "TA"]
[PlyCount "109"]
[EventDate "2018.??.??"]
[EventType "tourn"]
[EventCountry "CHI"]
[SourceTitle "playchess.com"]
[Source "ChessBase"]
[SourceQuality "1"]

{[%evp 28,109,0,6,11,-14,0,0,0,0,0,0,0,0,0,0,0,0,0,-38,-39,-43,-44,-52,-52,-94,-57,-60,-25,-71,-63,-124,-121,-157,-154,-170,-168,-165,-156,-164,-4,-33,0,0,27,20,28,31,108,70,74,71,92,36,41,9,10,0,0,0,0,0,0,0,0,0,0,0,0,-5,-2,-8,-3,-13,-1,-5,0,0,0,0,0,0,0,0]} 1. e4 e6 2. d4 d5 3. e5 c5 4. c3 Qb6 5. Nf3 Nc6 6. a3 Nh6 7. b4 cxd4 8. cxd4 Nf5 9. Be3 Bd7 10. Bd3 Nxe3 11. fxe3 Rc8 12. O-O Be7 13. Nbd2 Nb8 14. Qe2 {C02: French: Advance Variation} (14. Nb3 Ba4 15. Qb1 Bxb3 16. Qxb3 O-O {½-½ (16) Stevic,H (2624)-Socko,B (2637) Novi Sad 2009}) 14... Ba4 15. e4 {LiveBook: 3 Games} O-O 16. Kh1 $146 ({Predecessor:} 16. exd5 exd5 17. Rfc1 Qh6 18. Bf5 Bd7 19. Bxd7 Nxd7 20. Nb3 Nb8 21. Rc2 Bg5 {½-½ (38) Kristjansson,S (2491)-Rajlich,I (2425) Budapest 2006}) 16... Rc3 17. exd5 exd5 18. Rfe1 Rfc8 19. Nf1 Bc2 20. Bxc2 Rxc2 21. Qd1 {Ne3 is the strong threat.} R2c3 ({Of course not} 21... Qg6 22. Ne3 $16) 22. Ne3 Qe6 23. Qa4 a6 24. Qd1 Nd7 25. Qd2 Nb6 26. Nf1 Qg6 27. Ng3 h5 28. e6 fxe6 29. Ne5 {[#]} (29. Ne2 $1 $15 Rc2 30. Nf4) 29... Qg5 $1 $17 {[%cal Rg5d2]} 30. Qxg5 Bxg5 31. Nxh5 Rc1 32. Nd3 Rxa1 33. Rxa1 {[#]} Na4 $2 (33... Be3 $1 $19 34. Nhf4 Bxd4) 34. Nhf4 Bxf4 35. Nxf4 $15 {[%mdl 4096] Endgame KRN-KRN} Kf7 36. Rf1 Ke7 37. Re1 $1 {[%csl LRd5,LRe6]} Nc3 (37... Rc6 $14) 38. Nxe6 Kf6 {Strongly threatening ...Re8.} 39. Nc5 Rc7 40. Rc1 (40. Kg1 $16) 40... Re7 $1 $14 41. h4 Nb5 {The position is equal.} 42. a4 Nxd4 43. Rd1 Nc2 44. Rxd5 Nxb4 45. Rd6+ Kf5 46. Rb6 Nd5 47. Rb3 Kg4 48. Nxb7 Kxh4 49. Nc5 a5 50. Kh2 Ne3 {( -> ...Ng4+)} 51. Kg1 Ng4 {[%cal Re7e1]} 52. Kf1 Rf7+ 53. Ke1 Re7+ 54. Kd2 Nf2 55. Re3 {Precision: White = 49%, Black = 58%.} 1/2-1/2

[Event "CHI-ch Absolute 2018"]
[Site "Santiago"]
[Date "2018.02.27"]
[Round "5"]
[White "Garcia Cardenas, Pablo"]
[Black "Salinas Herrera, Pablo"]
[Result "1/2-1/2"]
[WhiteElo "2454"]
[BlackElo "2453"]
[Annotator "TA"]
[PlyCount "26"]
[EventDate "2018.??.??"]
[EventType "tourn"]
[EventCountry "CHI"]
[SourceTitle "playchess.com"]
[Source "ChessBase"]
[SourceQuality "1"]

{[%evp 22,26,12,5,18,9,29]} 1. d4 d5 2. c4 e6 3. Nc3 Nf6 4. cxd5 exd5 5. Bg5 Be7 6. e3 c6 7. Qc2 Nbd7 8. Bd3 O-O 9. Nge2 Re8 10. f3 Nf8 11. O-O g6 12. Rad1 {LiveBook: 47 Games} b5 {D36: Queen's Gambit Declined: Exchange Variation: Main line (5 Bg5 c6 6 Qc2)} (12... Ne6 13. Bh4 b5 14. Bf2 Bb7 15. Nc1 Rc8 16. Nb3 a6 17. Ne2 c5 18. dxc5 Nxc5 19. Nxc5 Bxc5 20. Qd2 {½-½ (59) Wojtaszek,R (2746)-Buhmann,R (2633) Germany 2016}) 13. Qc1 $146 ({Predecessor:} 13. Kh1 a6 14. Bh4 Qb6 15. Qc1 Bb7 16. e4 Ne6 17. e5 Nd7 18. Bxe7 Rxe7 19. f4 c5 20. dxc5 Nexc5 {1-0 (45) Lindberg,B (2388)-Sirin,A (2240) Plovdiv 2010}) 13... Bb7 1/2-1/2

[Event "CHI-ch Absolute 2018"]
[Site "Santiago"]
[Date "2018.02.27"]
[Round "5"]
[White "Perez Gormaz, Matias"]
[Black "Llorens Sepulveda, Marcelo"]
[Result "1-0"]
[WhiteElo "2410"]
[BlackElo "2266"]
[Annotator "TA"]
[PlyCount "81"]
[EventDate "2018.??.??"]
[EventType "tourn"]
[EventCountry "CHI"]
[SourceTitle "playchess.com"]
[Source "ChessBase"]
[SourceQuality "1"]

{[%evp 11,81,7,37,5,13,15,22,0,-8,-3,55,55,68,52,137,59,150,146,151,134,147,147,210,212,256,197,216,222,219,208,232,224,219,193,337,340,407,382,395,410,405,385,382,358,373,348,332,178,157,156,246,241,259,252,246,249,692,729,727,716,1672,1490,2434,2310,29987,29988,29988,29989,29989,29990,29992,29990]} 1. d4 Nf6 2. Nf3 c5 3. e3 g6 4. Be2 Bg7 5. O-O O-O 6. dxc5 {A48: 1 d4 Nf6 2 Nf3 g6: Torre, London and Colle Systems} Qc7 {LiveBook: 12 Games} (6... Na6 7. Bxa6 bxa6 8. Nc3 Qc7 9. e4 Bb7 10. Re1 Qxc5 11. Be3 Qc7 12. Qd3 d6 13. Rad1 Rfc8 {½-½ (27) Malakhov,V (2698)-Grischuk,A (2751) Novi Sad 2016}) 7. c4 Na6 8. Nc3 {The position is equal.} Nxc5 9. Qc2 d6 10. e4 $146 ({Predecessor:} 10. Nd4 a6 11. Nd5 Nxd5 12. cxd5 a5 13. Bd2 Bd7 {0-1 (55) Abreu Jean,C (2286)-Klasan,V (2365) Tromsoe 2014}) 10... Be6 (10... b5 $11) 11. Nd4 $14 Rfc8 12. Be3 Qd8 (12... Ng4 $14) 13. Rad1 (13. b4 $16 Ncd7 14. Nxe6 fxe6 15. f4) 13... Qf8 (13... Ng4 $14) 14. b4 $16 Ncd7 15. Qb3 Kh8 16. h3 Bh6 (16... Nh5 $16 {was called for.} 17. g4 Bxd4 18. Bxd4+ Ng7) 17. f4 $18 Nh5 {and the idea ...Ng3 leaves Black hopeful.} 18. Kh2 Qg7 19. g3 a5 20. a3 {[%cal Ba2a3,Ba3b4][%mdl 32]} axb4 21. axb4 Rg8 22. Rd3 Nxg3 (22... g5 $142 23. f5 (23. Bxh5 gxf4 24. Bxf4 Bxf4 $18) 23... Bxc4 24. Qxc4 Ne5) 23. Kxg3 g5 {[#] ( -> ...gxf4+)} 24. f5 {[%cal Bf4f5,Bf5f6][%mdl 32]} Bxc4 25. Qxc4 Ne5 26. f6 Qg6 27. Qb3 {[#] And now Nf5 would win.} g4 28. h4 Nxd3 29. Bxh6 (29. Bxd3 $142 Bxe3 30. Nf5) 29... Qxh6 30. Nf5 Qxf6 (30... Qd2 $16 {was worth a try.} 31. fxe7 Nc1 32. Rxc1 Qxc1) 31. Bxd3 e6 32. Ne3 Qe5+ 33. Kg2 f5 $2 (33... Rg7 34. Ncd1 g3) 34. Nc4 {[%cal Be3c4,Bc4d6,Bd6f5][%mdl 32]} Qf6 35. exf5 g3 36. fxe6 Qxe6 37. Ne4 Qd5 38. Qc3+ {White mates.} Rg7 39. Ncxd6 Qa2+ 40. Bc2 h5 41. Nf5 {Precision: White = 55%, Black = 24%.} 1-0

[Event "CHI-ch Absolute 2018"]
[Site "Santiago"]
[Date "2018.02.27"]
[Round "5"]
[White "Barria Zuniga, Daniel"]
[Black "Lopez Silva, Hugo"]
[Result "1/2-1/2"]
[WhiteElo "2395"]
[BlackElo "2389"]
[Annotator "TA"]
[PlyCount "31"]
[EventDate "2018.??.??"]
[EventType "tourn"]
[EventCountry "CHI"]
[SourceTitle "playchess.com"]
[Source "ChessBase"]
[SourceQuality "1"]

{[%evp 10,31,43,22,97,105,97,111,104,109,127,131,141,45,76,74,47,52,110,102,100,93,103,97]} 1. d4 Nf6 2. Nf3 g6 3. c4 c5 4. d5 e6 5. dxe6 (5. Nc3 Bg7 6. e4 O-O 7. Be2 exd5 8. exd5 d6 9. O-O Bg4 10. h3 Bxf3 11. Bxf3 a6 12. Bf4 Qb6 13. Qc2 Nbd7 14. Rae1 Rfe8 15. Bd2 Rxe1 16. Rxe1 Re8 17. b3 Rxe1+ 18. Bxe1 Qd8 19. Bd2 {½-½ (58) Gelfand,B (2741)-Ponkratov,P (2604) Berlin 2015}) 5... fxe6 6. Nc3 {LiveBook: 4 Games. A31: Symmetrical English: 2 Nf3 Nf6 3 d4} d5 (6... Bg7 $11 {keeps the balance.}) 7. cxd5 $16 exd5 8. e4 $146 {[%cal Be2e4,Be4e5][%mdl 32] Black must now prevent e5.} ({Predecessor:} 8. Bg5 Be7 9. Bxf6 Bxf6 10. Nxd5 Bxb2 11. e4 Qa5+ 12. Nd2 {1-0 (27) Isidro,M-Pires,M UECC email 1999}) 8... d4 9. e5 Nd5 10. Ne4 {Hoping for Bc4.} Bf5 {[#]} 11. Bg5 (11. Bd3 $1 $16) 11... Qa5+ $1 $14 12. Bd2 Qb6 13. Bd3 Nd7 {[#]} (13... Nc6 $14) 14. O-O $1 $16 {White is better.} Be7 15. Re1 {Nd6+ is the strong threat.} O-O 16. Bh6 {Precision: White = 68%, Black = 60%.} 1/2-1/2

[Event "CHI-ch Absolute 2018"]
[Site "Santiago"]
[Date "2018.02.27"]
[Round "5"]
[White "Abarca Gonzalez, Nicolas"]
[Black "Vergara Jofre, Felipe"]
[Result "0-1"]
[WhiteElo "2388"]
[BlackElo "2270"]
[Annotator "TA"]
[PlyCount "68"]
[EventDate "2018.??.??"]
[EventType "tourn"]
[EventCountry "CHI"]
[SourceTitle "playchess.com"]
[Source "ChessBase"]
[SourceQuality "1"]

{[%evp 17,68,55,54,56,70,63,53,44,60,0,7,0,0,-41,47,59,52,58,63,-55,28,31,169,-48,-40,-39,-54,-403,-405,-373,-394,-394,-391,-372,-356,-379,-380,-370,-225,-449,-296,-643,-677,-669,-663,-812,-450,-448,-455,-3545,-1269,-29998,-29999]} 1. e4 c5 2. Nf3 d6 3. d4 cxd4 4. Nxd4 Nf6 5. Nc3 a6 6. Bg5 Nbd7 7. Bc4 Qb6 {B94: Sicilian Najdorf: 6 Bg5 Nbd7} (7... Qa5 8. Qd2 e6 9. Bb3 Be7 10. O-O-O h6 11. Be3 Nc5 12. Kb1 Bd7 13. f3 Qc7 14. g4 b5 15. a3 Qb7 16. h4 a5 {1-0 (34) Nepomniachtchi,I (2732)-Korobov,A (2711) Khanty-Mansiysk 2017}) 8. Qd2 e6 9. O-O-O Be7 {LiveBook: 4 Games. White is slightly better.} 10. f3 O-O $146 ({Predecessor:} 10... Nc5 11. g4 Bd7 12. Bb3 Qc7 13. Rhe1 O-O 14. h4 b5 15. h5 {0-1 (28) Wieth,K-Supi,L (2327) Sao Bento do Sul 2013}) 11. h4 Nc5 12. g4 Qc7 13. Bb3 (13. a3 $14) 13... Bd7 14. h5 b5 15. Be3 h6 (15... b4 $15 16. Nce2 Nxb3+ 17. Nxb3 a5) 16. g5 $1 $14 {[%cal Rg5h6]} hxg5 17. Bxg5 b4 18. Qg2 (18. Nce2 $14) 18... Kh7 ({Black should try} 18... Nxb3+ $15 19. axb3 bxc3) 19. Nce2 $1 $11 (19. h6 g6 $17) 19... Rac8 (19... Nxb3+ $14 20. Nxb3 a5) 20. Kb1 $2 (20. Nf4 $1 $18) 20... e5 $36 {[%mdl 2048] Black is more active.} 21. Rdg1 {Threatens to win with Bh4.} Nxb3 (21... exd4 $6 22. Bh4 $16) 22. Bh6 $2 {[%mdl 8192]} ({Better is} 22. axb3 $15 Rg8 23. Bd2 (23. h6 g6 $17)) 22... Ng4 $19 ({And not} 22... Rg8 23. Qg6+ $1 {[%mdl 512]} fxg6 24. hxg6+ Kh8 25. Bg5+ Bh3 26. Rxh3+ Nh7 27. Rxh7#) 23. Nxb3 Qxc2+ ({Less strong is} 23... Kxh6 24. c3 $17) ({Don't do} 23... gxh6 24. Na1 $19) 24. Ka1 gxh6 25. fxg4 Be6 26. Rc1 Qd3 27. Rcd1 Qb5 {And now ...Rc2 would win.} 28. Qf3 $2 (28. Ng3) 28... Rc2 29. Rh2 $2 (29. Ng3 a5 30. Nf5) 29... Rfc8 30. Kb1 {If only White now had time for Ned4....} R2c7 31. Ng3 a5 {[%cal Ba6a5,Ba5a4][%mdl 32]} 32. Nf5 a4 33. Nc1 (33. Nxe7 $142 Rxe7 34. Nd2) 33... Qc4 (33... Bg5 $142 34. Ne3 {[#]} Rxc1+ $1 {[%mdl 512]} 35. Rxc1 Qd3+ 36. Rhc2 b3) 34. Ne3 Qxc1+ {Precision: White = 36%, Black = 57%.} 0-1

[Event "CHI-ch Absolute 2018"]
[Site "Santiago"]
[Date "2018.02.27"]
[Round "5"]
[White "Diaz Villagran, Robert"]
[Black "Henriquez Villagra, Cristobal"]
[Result "0-1"]
[WhiteElo "2317"]
[BlackElo "2501"]
[Annotator "TA"]
[PlyCount "64"]
[EventDate "2018.??.??"]
[EventType "tourn"]
[EventCountry "CHI"]
[SourceTitle "playchess.com"]
[Source "ChessBase"]
[SourceQuality "1"]

{[%evp 17,64,-36,-16,-38,-6,-34,-39,-60,-57,-68,-54,-75,-75,-104,-97,-113,-83,-82,-84,-77,-66,-100,-101,-82,-64,-71,-103,-100,18,-184,-159,-177,-173,-166,-131,-255,-260,-230,-168,-148,-101,-402,-374,-921,-918,-893,-807,-562,-536]} 1. e4 c6 2. d3 d5 3. Nd2 e5 4. Ngf3 Nd7 5. g3 Ngf6 6. Bg2 Bd6 7. O-O O-O 8. Re1 Re8 9. Nh4 {B10: Caro-Kann: 2 d3 and 2 c4} (9. c3 h6 10. Qc2 Nf8 11. b3 Ng6 12. Bb2 Bg4 13. h3 Be6 14. Rad1 Qc7 15. Nf1 Rad8 16. Ne3 Qc8 17. Kh2 {0-1 (39) Mamedyarov,S (2799)-Grischuk,A (2772) Huaian 2017}) 9... Nc5 {LiveBook: 3 Games} 10. h3 Bf8 11. Qf3 {The position is equal.} a5 $146 ({Predecessor:} 11... dxe4 12. Nxe4 Nfxe4 13. dxe4 Be6 14. Nf5 Qa5 15. Bg5 f6 16. Be3 Rad8 {1-0 (34) Laszlo,J (2255)-Kocsis,J (2280) Hungary 1995}) 12. a4 g6 13. Nf1 Bg7 14. Kh2 Be6 15. b3 dxe4 16. dxe4 Ncxe4 17. Rxe4 Nxe4 18. Qxe4 f5 $1 {[%cal Rf5e4,Bf7f5,Bf5f4][%mdl 32]} 19. Qe3 {[#]} f4 $1 {[%cal Rf4e3][%mdl 512]} 20. Qe4 (20. gxf4 exf4) 20... g5 21. Nf5 Bxf5 $1 22. Qxf5 {And now Be4 would win.} e4 (22... Qd4 $17 23. Ra2 Qxf2) 23. Bxe4 $2 (23. Rb1 $11 Re5 24. Qg4) 23... Rxe4 $19 24. Qxe4 {Hoping for Rb1.} Bxa1 25. gxf4 Qd5 $36 {[%mdl 2048] Black is really pushing.} 26. Qxd5+ (26. Qe2 $17 {was necessary.}) 26... cxd5 $17 {[%cal Bc6d5,Bd5d4,Bd4d3][%mdl 4128] Endgame KRB-KBN} 27. Ne3 d4 ({Resist} 27... gxf4 28. Nxd5 Re8 29. Nxf4 $17) 28. Nc4 Re8 {aiming for ...Re2.} 29. Ne5 $2 {[%mdl 8192]} (29. fxg5 $17 Re2 30. Bd2) 29... gxf4 $19 30. Bxf4 $2 {[#]} (30. Nc4 Re2 31. Kg2) 30... Rxe5 $1 {[%mdl 512] Black is clearly winning.} 31. Bxe5 {[#]} d3 $1 32. Bf4 {[#]} Be5 $1 {[%mdl 512] Precision: White = 19%, Black = 76%.} 0-1